Návrh koncepce klubu práce.
Významnou súčasťou opatrení pre ľudí hľadajúcich zamestnanie budú aj kluby práce. O návrhu ich koncepcie a ich poslaní informuje kolektív autorov z Úradu práce v Olomouci.
Gespeichert in:
| Format: | Buchkapitel |
|---|---|
| Sprache: | Tschechisch |
| Schlagworte: | |
| Tags: |
Keine Tags, Fügen Sie das erste Tag hinzu!
|
MARC
| LEADER | 00000naa a2200000 4500 | ||
|---|---|---|---|
| 001 | r006434 | ||
| 005 | 20221125080750.9 | ||
| 041 | 0 | |a cze | |
| 044 | |a [CS] | ||
| 245 | 1 | 0 | |a Návrh koncepce klubu práce. |
| 520 | |a Významnou súčasťou opatrení pre ľudí hľadajúcich zamestnanie budú aj kluby práce. O návrhu ich koncepcie a ich poslaní informuje kolektív autorov z Úradu práce v Olomouci. | ||
| 610 | 2 | 0 | |a nezamestnanosť |
| 610 | 2 | 0 | |a miesta pracovné |
| 610 | 2 | 0 | |a miesta voľné |
| 610 | 2 | 0 | |a koncepcie |
| 610 | 2 | 0 | |a úrady práce |